Normal view
MARC view
- White, Margaret A
Entry Personal Name
001 - CONTROL NUMBER
- control field: 6897
003 - CONTROL NUMBER IDENTIFIER
- control field: OSt
005 - DATE AND TIME OF LATEST TRANSACTION
- control field: 20170522162613.0
008 - FIXED-LENGTH DATA ELEMENTS
- fixed length control field: 170522|| aca||aabn | a|a d
040 ## - CATALOGING SOURCE
- Original cataloging agency: OSt
- Transcribing agency: OSt
100 ## - HEADING--PERSONAL NAME
- Personal name: White, Margaret A
670 ## - SOURCE DATA FOUND
- Source citation: Work cat.: (OSt): White, Margaret A, The management of technology and innovation : , c2011

PORTAL AKMAL
E-MEL JKDM
AKMAL2U
G-BAM
u-PUSTAKA